Noticia sobre la gran defensa, nuevo methodo de fortificacion / (Record no. 162622)

MARC details
000 -LEADER
campo de control de longitud fija 00713nam a2200181 i 4500
001 - NÚMERO DE CONTROL
campo de control 162622
003 - IDENTIFICADOR DE NÚMERO DE CONTROL
campo de control ES-MaACL
005 - FECHA Y HORA DE LA ÚLTIMA TRANSACCIÓN
campo de control 20230906212552.0
008 - DATOS DE LONGITUD FIJA--INFORMACIÓN GENERAL
campo de control de longitud fija 931025s1868 sp f |||| | spa d
100 1# - ENTRADA PRINCIPAL--NOMBRE DE PERSONA
Nombre de persona Prosperi, Felix.
9 (RLIN) 131386
245 10 - MENCIÓN DEL TÍTULO
Título Noticia sobre la gran defensa, nuevo methodo de fortificacion /
Mención de responsabilidad, etc. su autor, Felix Prosperi ; [extractado] por Emilio Bernaldez.
260 ## - PUBLICACIÓN, DISTRIBUCIÓN, ETC.
Lugar de publicación, distribución, etc. Madrid :
Nombre del editor, distribuidor, etc. [s.n.],
Fecha de publicación, distribución, etc. 1868 (
Fabricante Memorial de Ingenieros)
300 ## - DESCRIPCIÓN FÍSICA
Extensión 72 p., [5] h. de lám. pleg. ;
Dimensiones 23 cm.
599 #1 - NOTA A LAS ILUSTRACIONES
NOTA A LAS ILUSTRACIONES Las h. de lám. calc.:" Grabado por J. Pajares"
650 #4 - PUNTO DE ACCESO ADICIONAL DE MATERIA--TÉRMINO DE MATERIA
Término de materia o nombre geográfico como elemento de entrada Fortificaciones.
9 (RLIN) 136136
700 21 - ENTRADA AGREGADA--NOMBRE PERSONAL
Nombre de persona Bernáldez y Fernández de Folgueras, Emilio.
9 (RLIN) 125954
852 ## - LOCALIZACIÓN
Ubicación ES-MaACL
Número de control de estantería G-10013
Nota libre -- Enc. hol.
Holdings
Estatus retirado Estado de pérdida Estado de daño No para préstamo Colección Biblioteca de origen Biblioteca actual Ubicación en estantería Fecha de adquisición Fuente de adquisición Total de préstamos Signatura topográfica completa Código de barras Visto por última vez Precio de reemplazo Tipo de ítem Koha
        Libros del s. XIX Biblioteca del Ateneo de Madrid Biblioteca del Ateneo de Madrid Sala Pecera Planta 3 17/01/2008     G-10013 1170366 23/02/2023 23/02/2023 Libro impreso antiguo